02020nam a2200325 a 4500001001000000005001700010008004100027041000800068044000700076084002000083100004500103245009500148260003200243300002400275440004200299500029400341500031900635500022400954500001001178650005201188650005601240650003401296650004501330700005101375700005101426700006001477700005301537700005401590740005001644BRCA_255920190320203851.0261108s1864----sp-a---###---#000-0dspa-u aspa asp a158b.G38c18641 aCervantes Saavedra, Miguel ded1547-161610aEl Ingenioso Hidalgo Don Quijote de la Manchaccompuesto por Miguel de Cervantes Saavedra. aMadridbGaspar y Roigc1864 a540 p.bil.c27 cm. 0aBiblioteca ilustrada de Gaspar y Roig aContenido : Primera parte. Retrato de Cervantes. Advertencia de los editores. Dedicatoria del autor. Prólogo del autor. Versos preliminares. Texto. Segunda parte. Documentos de la edición Príncipe. Dedicatoria del autor. Prólogo del autor. Vida de Cervantes por A. de Castro. Texto aEdición : Novísima edición con notas históricas, críticas y gramaticales de la Academia Española, Pellicer, Arrieta, Clemencín, Cuesta, Janer, etc. Aumentado con el Buscapié, anotado por A. de Castro. Adornada con 300 grabados intercalados, láminas sueltas y el retrato del autor grabado en acero aNovísima ed. correg. con notas... de la Academia Española, Pellicer, Arrieta, Clemencín, Cuesta, Janer, etc. Aumentada con El Buscapié, anotado por Adolfo de Castro. Adornada con 300 grabados... Lúdovik Osterc aQM14514aNovela españolayÉpoca clásica, 1500-170014aLiteratura españolayÉpoca clásica, 1500-170014aNovela españolaySiglo XVII14aDon Quijote (Personaje ficticio)eNovela1 aQuintana, José Manueld1772-1857eBiógrafo1 aCastro y Rossi, Adolfo ded1823-1898eAnotador1 aPellicer y Pilares, Juan Antoniod1738-1806eBiógrafo1 aGarcía Arrieta, Agustínd1775-1834eAnotador1 aClemencín y Viñas, Diegod1785-1834eAnotador0 aEl Ingenioso Hidalgo Don Quijote de la Mancha